Normal view MARC view
  • AT G.H.Q

Entry Topical Term

Number of records used in: 1

001 - CONTROL NUMBER

  • control field: 108431

003 - CONTROL NUMBER IDENTIFIER

  • control field: NUST

005 - DATE AND TIME OF LATEST TRANSACTION

  • control field: 20230201154111.0

008 - FIXED-LENGTH DATA ELEMENTS

  • fixed length control field: 230201|| aca||aabn | a|a d

040 ## - CATALOGING SOURCE

  • Original cataloging agency: NUST
  • Transcribing agency: NUST

150 ## - HEADING--TOPICAL TERM

  • Topical term or geographic name entry element: AT G.H.Q

670 ## - SOURCE DATA FOUND

  • Source citation: Work cat.: (NUST)187100: John Charteris 108430, AT G.H.Q /, 1931
© 2023 Central Library, National University of Sciences and Technology. All Rights Reserved.